| 000 | 00330nam a2200121Ia 4500 | ||
|---|---|---|---|
| 008 | 230907s9999||||xx |||||||||||||| ||und|| | ||
| 082 |
_a660.28 _bDUT, |
||
| 100 |
_aDutta, Binay K. _957833 |
||
| 245 | 0 | _aPrinciples of mass transfer and separation processes | |
| 260 |
_aPHI Learning _bDelhi _c2015 |
||
| 300 | _a947p. | ||
| 942 | _cBK | ||
| 999 |
_c598189 _d598189 |
||